000 01148nam a2200313 c 4500
003 BLK
005 20240604133920.0
008 180408b bul|||||r ||||||| ||bul||
010 _aKNG00093102000
020 _a978-954-07-3192-6
_bиздат.: Унив. изд. Св. Климент Охридски
040 _aBLK
041 _aBUL
_cBUL
072 7 _2bullib
_aН84
_xБългарска художествена литература Н
080 _aБългарска литература
_b821.163.2
_x-32
_z821.163.2-32
100 1 _aБанков, Банко Петков
_936319
139 _aБанков, Банко Петков
_bБ 25
245 1 0 _aМъжки грехове
_bРазкази и новели
_cБанко Петков Банков.
257 _aBGR
260 София
_bУнив. изд. Св. Климент Охридски
_c2011
300 _a232 с.
_c20 см
380 _aX
659 _aН
852 _aЦб 254684
856 4 _qpdf
_u
856 4 _qpdf
_u
942 _cKNG
_n0
_01
944 _aCR
_c26.03.2012
_lГеновева Генчева
_k30560
944 _aED
_c24.01.2013
_lф /
_k
999 _c88438
_d88438